Managing yourself (Record no. 103466)

MARC details
000 -LEADER
fixed length control field 01047cam a2200289 4500
008 - FIXED-LENGTH DATA ELEMENTS--GENERAL INFORMATION
fixed length control field 040406n1999 000 0 eng u
020 ## - INTERNATIONAL STANDARD BOOK NUMBER
International Standard Book Number 1898001553
035 ## - SYSTEM CONTROL NUMBER
System control number (Sirsi) u125758
041 ## - LANGUAGE CODE
Language code of text/sound track or separate title eng
050 ## - LIBRARY OF CONGRESS CALL NUMBER
Classification number 658.4
-- 18
100 ## - MAIN ENTRY--PERSONAL NAME
Personal name Pedler, Mike
245 ## - TITLE STATEMENT
Title Managing yourself
260 ## - PUBLICATION, DISTRIBUTION, ETC.
Place of publication, distribution, etc. London
Name of publisher, distributor, etc. Lemos and Crane
Date of publication, distribution, etc. 1999
300 ## - PHYSICAL DESCRIPTION
Extent ix, 212p.
Dimensions 24cm.
350 ## - PRICE (NR) (BK AM CF MU VM SE) [OBSOLETE]
Price 12.99
490 ## - SERIES STATEMENT
Series statement Mike Pedler Library
520 ## - SUMMARY, ETC.
Summary, etc. Aimed at developing managers' ability to become proactive rather than controlled by events and other people. Argues that managers need to learn to manage themselves before being able to manage other people and explains how managers can develop and sustain skills, action, health and identity at work. Includes a workbook of activities.
650 ## - SUBJECT ADDED ENTRY--TOPICAL TERM
Topical term or geographic name entry element PERSONAL DEVELOPMENT
650 ## - SUBJECT ADDED ENTRY--TOPICAL TERM
Topical term or geographic name entry element MANAGEMENT SKILLS
650 ## - SUBJECT ADDED ENTRY--TOPICAL TERM
Topical term or geographic name entry element BUSINESS SKILLS
650 ## - SUBJECT ADDED ENTRY--TOPICAL TERM
Topical term or geographic name entry element MOTIVATION
650 ## - SUBJECT ADDED ENTRY--TOPICAL TERM
Topical term or geographic name entry element PERSONAL EFFECTIVENESS
690 ## - LOCAL SUBJECT ADDED ENTRY--TOPICAL TERM (OCLC, RLIN)
Topical term or geographic name as entry element MANAGEMENT-BUSINESS MANAGEMENT
700 ## - ADDED ENTRY--PERSONAL NAME
Personal name Boydell, Tom
942 ## - ADDED ENTRY ELEMENTS (KOHA)
Suppress in OPAC 0
Holdings
Withdrawn status Lost status Source of classification or shelving scheme Damaged status Not for loan Home library Current library Shelving location Date acquired Cost, normal purchase price Total Checkouts Full call number Barcode Date last seen Date last checked out Copy number Cost, replacement price Price effective from Koha item type
    Dewey Decimal Classification     London London Books 21/04/2004 12.99 13 658.4 PED 30069192 06/08/2019 29/01/2007 1 12.99 06/08/2019 Book